Experimentation on tomato sauce jar at the royal university of agriculture. ( ការពិសោធន៍ទឹកប៉េងប៉ោះនៅមន្ទីពិសោធន៍សាកលវិទ្យាល័យភូមិន្ធកសិកម្ម) (Record no. 481)
[ view plain ]
| 000 -LEADER | |
|---|---|
| fixed length control field | 00619nam a22001577a 4500 |
| 003 - CONTROL NUMBER IDENTIFIER | |
| control field | OSt |
| 005 - DATE AND TIME OF LATEST TRANSACTION | |
| control field | 20150915105723.0 |
| 008 - FIXED-LENGTH DATA ELEMENTS--GENERAL INFORMATION | |
| fixed length control field | 150915b xxu||||| |||| 00| 0 eng d |
| 040 ## - CATALOGING SOURCE | |
| Transcribing agency | RUA |
| 082 ## - DEWEY DECIMAL CLASSIFICATION NUMBER | |
| Classification number | AGR HUO 1999 BOO25 Or1 |
| 100 ## - MAIN ENTRY--PERSONAL NAME | |
| 9 (RLIN) | 501 |
| Personal name | HOUT, NORAK |
| 245 ## - TITLE STATEMENT | |
| Title | Experimentation on tomato sauce jar at the royal university of agriculture. ( ការពិសោធន៍ទឹកប៉េងប៉ោះនៅមន្ទីពិសោធន៍សាកលវិទ្យាល័យភូមិន្ធកសិកម្ម) |
| 260 ## - PUBLICATION, DISTRIBUTION, ETC. (IMPRINT) | |
| Place of publication, distribution, etc. | phnom phen |
| Name of publisher, distributor, etc. | RUA |
| Date of publication, distribution, etc. | 1999 |
| 300 ## - PHYSICAL DESCRIPTION | |
| Extent | 38p. |
| Other physical details | ill. |
| Dimensions | 1999 |
| 942 ## - ADDED ENTRY ELEMENTS (KOHA) | |
| Source of classification or shelving scheme | |
| Koha item type | AGR |
| Price effective from | Date last seen | Permanent Location | Not for loan | Date acquired | Date last checked out | Source of classification or shelving scheme | Koha item type | Total Checkouts | Barcode | Lost status | Damaged status | Withdrawn status | Current Location | Full call number |
|---|---|---|---|---|---|---|---|---|---|---|---|---|---|---|
| 2015-09-15 | 2016-06-22 | Library Block B | 2015-09-15 | 2016-06-22 | AGR | 1 | RUA004212 | Library Block B | AGR HUO 1999 BOO25 Or2 | |||||
| 2015-09-15 | 2015-09-15 | Library Block B | 2015-09-15 | AGR | RUA004429 | Library Block B | AGR HUO 1999 BOO25 Or3 | |||||||
| 2015-09-15 | 2015-09-15 | Library Block B | 2015-09-15 | AGR | RUA004219 | Library Block B | AGR HUO 1999 BOO25 Or4 | |||||||
| 2015-09-15 | 2015-09-15 | Library Block B | 2015-09-15 | AGR | RUA004070 | Library Block B | AGR HUO 1999 BOO25 Or5 | |||||||
| 2015-09-15 | 2015-09-15 | Library Block B | 2015-09-15 | AGR | RUA004068 | Library Block B | AGR HUO 1999 BOO25 Or6 | |||||||
| 2015-09-15 | 2015-09-15 | Library Block B | 2015-09-15 | AGR | RUA004215 | Library Block B | AGR HUO 1999 BOO25 Or7 | |||||||
| 2015-09-15 | 2016-08-22 | Library Block B | 2015-09-15 | 2016-08-10 | AGR | 1 | RUA004069 | Library Block B | AGR HUO 1999 BOO25 Or8 | |||||
| 2015-09-15 | 2016-07-04 | Library Block B | 2015-09-15 | 2016-06-14 | AGR | 1 | RUA004359 | Library Block B | AGR HUO 1999 BOO25 Or9 | |||||
| 2015-09-15 | 2015-09-15 | Library Block B | 2015-09-15 | AGR | RUA004067 | Library Block B | AGR HUO 1999 BOO25 Or10 | |||||||
| 2015-09-15 | 2015-09-15 | Library Block B | 2015-09-15 | AGR | RUA004072 | Library Block B | AGR HUO 1999 BOO25 Or1 |